00485pab a2200181 454500008004000000100001900040245005000059260000900109300001200118362000800130650002500138650002400163650001900187650003200206650003000238650002400268773001100292180718b1998 xxu||||| |||| 00| 0 eng d aChakrapani, V. aCredit expansion through regional rural banks c1998 ap.12-17 aMar aBanks, Rural - India aRural banks - India aCredit - India aAgricultural credit - India aRural development - India aAgricultural credit aYojana